Sports Quiz

Random Sports Quiz

Miami Dolphins Starting QBs since Dan Marino Quiz Stats

Quiz not verified by Sporcle

Challenge
Share
Tweet
Embed
Score 0/26 Timer 07:00
0 Plays Today
Year Name % Correct
2010Chad Pennington
94%
2009Chad Pennington
94%
2008Chad Pennington
94%
2011Chad Henne
91%
2010Chad Henne
91%
2009Chad Henne
91%
2004Jay Fiedler
86.6%
2003Jay Fiedler
86.6%
2002Jay Fiedler
86.6%
2001Jay Fiedler
86.6%
2000Jay Fiedler
86.6%
2011Matt Moore
85.1%
2006Daunte Culpepper
82.1%
Year Name % Correct
2007Cleo Lemon
79.1%
2006Cleo Lemon
79.1%
2007Trent Green
61.2%
2006Joey Harrington
55.2%
2005Gus Frerotte
52.2%
2004A.J. Feely
52.2%
2003Brian Griese
50.7%
2000Damon Huard
47.8%
2002Ray Lucas
44.8%
2007John Beck
43.3%
2005Sage Rosenfels
43.3%
2004Sage Rosenfels
43.3%
2010Tyler Thigpen
38.8%

You're not logged in!

Compare scores with friends on all Sporcle quizzes.
Join for Free
OR
Log In

You Might Also Like...

Show Comments

Extras

Top Quizzes Today


Score Distribution

Your Account Isn't Verified!

In order to create a playlist on Sporcle, you need to verify the email address you used during registration. Go to your Sporcle Settings to finish the process.

Report this User

Report this user for behavior that violates our Community Guidelines.

Details: